World Capital Click Match A-Z (Easy) - Statistics

General Stats
  • This quiz has been taken 218 times
  • The average score is 22 of 24
Answer Stats
Hint Answer % Correct
C Egypt
95%
A Greece
95%
B China
92%
G Guatemala
92%
R Italy
92%
M Spain
92%
P France
91%
O Norway
91%
W United States
91%
Z Croatia
90%
H Cuba
90%
J Israel
90%
S South Korea
90%
L United Kingdom
90%
N India
89%
V Austria
88%
Q Ecuador
88%
T Japan
88%
U Mongolia
88%
I Pakistan
88%
Y Armenia
87%
K Jamaica
87%
D Ireland
86%
F Sierra Leone
84%
No matching quizzes found
Score Distribution
Percent of People with Each Score
Percentile by Number Answered
Your Score History
You have not taken this quiz